Antifungálna aktivita nosyntetizovaných chinolizidínov a ich vplyv na formovanie kvasinkového biofilmu

Enregistré dans:
Détails bibliographiques
Auteur principal: Zbojová, Lenka (Auteur)
Autres auteurs: Olejníková, Petra (Directeur de thèse)
Format: Manuscrit Livre
Langue:slovaque
Publié: 2015
Sujets:
Accès en ligne:http://is.stuba.sk/zp/portal_zp.pl?podrobnosti=101313
Tags: Ajouter un tag
Pas de tags, Soyez le premier à ajouter un tag!

MARC

LEADER 00000ntm a22000003a 4500
001 stuzp53090
003 SK-STU
005 20160719154357.9
007 ta
008 150427s2015----xo-----f-mn---000-0-slo-d
040 |a STU  |b slo 
041 0 |a slo 
100 1 |a Zbojová, Lenka  |u 043260  |4 aut  |U FCHPT Ústav biochémie, výživy a ochrany zdravia  |T FCHPT Oddelenie biochémie a mikrobiológie  |X 60631  |U C3260  |Y 113  |7 60631 
242 0 1 |a The antimicrobial activity of newly synthesized quinolizidines and their influence on the biofilm yeast formation  |y eng 
245 1 0 |a Antifungálna aktivita nosyntetizovaných chinolizidínov a ich vplyv na formovanie kvasinkového biofilmu 
260 |c 2015 
650 4 |a kvasinkový biofilm  |2 slo 
650 4 |a antifungálna aktivita  |2 slo 
650 4 |a chinolizidíny  |2 slo 
650 4 |a Candida sp.  |2 slo 
650 4 |a quinolizidines  |2 eng 
650 4 |a yeast biofilm  |2 eng 
650 4 |a Candida spp.  |2 eng 
650 4 |a antifungal activity  |2 eng 
700 1 |a Olejníková, Petra  |4 ths  |X 3976  |7 A000003976 
856 4 |u http://is.stuba.sk/zp/portal_zp.pl?podrobnosti=101313 
SQL |a stuzp53090  |b DBP  |c SLO  |d Antifungálna aktivita nosyntetizovaných chinolizidínov a ich vplyv na formovanie kvasinkového biofilmu  |e 60631  |f Zbojová, Lenka  |g 043260  |h 3976  |i Olejníková, Petra  |j 20150715  |k 752  |l 04  |m http://is.stuba.sk/zp/portal_zp.pl?podrobnosti=101313  |n B-BIOPOT  |o 5.2.25. biotechnológie